| 000 | 00729cam a2200265I 4500 | ||
|---|---|---|---|
| 001 | 43291 | ||
| 005 | 20230410130523.0 | ||
| 008 | 760202s1968 sp 000 1 spa d | ||
| 035 | _a(OCoLC)ocm01961665 | ||
| 040 |
_aOUN _cOUN _dOCL _dDIBAM |
||
| 035 | _a(OCoLC)1961665 | ||
| 041 | 1 |
_aspa _hjpn |
|
| 050 | 1 | 4 |
_aPL839.A7 _bT161c,1968 |
| 049 | _aGRAL | ||
| 100 | 1 |
_aTanizaki, JunÃchiro, _d1886-1965. |
|
| 245 | 1 | 0 | _aCuentos crueles. |
| 260 |
_a[Barcelona] _bSeix Barral _c[1968] |
||
| 300 |
_a272 p. _c20 cm. |
||
| 650 | 0 |
_aJapanese fiction _vTranslations into Spanish. |
|
| 650 | 0 |
_aSpanish fiction _xTranslated from Japanese. |
|
| 650 | 7 |
_aCUENTOS. _2renib |
|
| 942 |
_2lcc _cbk |
||
| 946 | _amjcruz | ||
| 994 |
_aC0 _bDRFGD |
||
| 999 |
_c75484 _d75484 |
||